000 00826nam a2200265 4500
003 OSt
005 20260530113844.0
008 260505b2002 nyua|||| |||| 00| 0 eng d
020 _a0060081430
040 _aICI
_bspa
_cICI
041 _aeng
050 _aNC997
_bC73 2002
100 1 _aDavid E. Carter
_930515
245 0 0 _aCreativity 31 /
_cedited by David E. Carter
264 1 _aNew York :
_bHBI,
_c2002
300 _a400 páginas :
_bilustraciones
336 _atexto
_2rdacontent
337 _asin medio
_2rdamedia
338 _avolumen
_2rdacarrier
500 _a"Bright ideas in advertising and design from 31 Countries around the world"
650 4 _aArte comercial
_zEstados Unidos
_930516
650 4 _aArte comercial
_vExposiciones
_930517
700 1 _aCarter, David E.,
_eeditor
_930518
942 _2lcc
_cBK
_n1
999 _c11216
_d11216